000
00282 a2200121 4500
001
76686
082
_a
891.4393 RAH
090
_c
39204
_d
39204
100
_a
M A Rahat
245
_a
Surab (urdu)
_c
M A Rahat
_h
Urdu
260
_a
Lahore
_b
Dua Publications
_c
2002
300
_a
287 p
942
_a
cae nust
_k
891.4393 RAH
999
_c
311759
_d
311759